[Event "Wch Blitz"]
[Site "St Petersburg"]
[Date "2018.12.29"]
[Round "2"]
[White "Yeritsyan, Aram"]
[Black "Tregubov, Pavel V"]
[Result "1-0"]
[WhiteElo "2372"]
[BlackElo "2592"]
[PlyCount "117"]
[EventDate "2018.12.29"]
[EventType "swiss (blitz)"]
[EventRounds "21"]
[EventCountry "RUS"]
[SourceTitle "CBM 187 Extra"]
[Source "ChessBase"]
[SourceDate "2018.11.04"]
[SourceVersion "1"]
[SourceVersionDate "2018.11.04"]
[SourceQuality "1"]

1. e4 c5 2. Nf3 e6 3. d4 cxd4 4. Nxd4 Nc6 5. Nb5 d6 6. c4 Nf6 7. N1c3 a6 8. Na3 b6 9. Be2 Bb7 10. 0-0 Nb8 11. f3 Nbd7 12. Be3 Be7 13. Rc1 0-0 14. Qd4 Rc8 15. Rfd1 Qc7 16. b4 Qb8 17. Kh1 Rfe8 18. Bg1 Kh8 19. Na4 Bd8 20. Qxd6 Qxd6 21. Rxd6 Be7 22. Rd3 Bxb4 23. Nxb6 Nxb6 24. Bxb6 Bc6 25. Rb3 Be7 26. c5 Ra8 27. Nc4 Bb5 28. Bf1 Nd7 29. Na5 Bxf1 30. Rxf1 Nxc5 31. Bxc5 Bxc5 32. Rc1 Rec8 33. Rbc3 Rab8 34. Nb3 a5 35. Rxc5 Rxc5 36. Nxc5 g5 37. Kg1 Rb2 38. a4 Kg7 39. Rc3 Kf6 40. Nb3 Ra2 41. Rc4 Ke5 42. g3 Ra3 43. Nxa5 Rxf3 44. Nc6+ Kd6 45. a5 Ra3 46. Rc1 h5 47. e5+ Kd5 48. a6 Ke4 49. a7 g4 50. Rc4+ Ke3 51. Rc1 Ke4 52. Re1+ Kd5 53. Rc1 Ke4 54. Kf1 Ke3 55. Ke1 Kd3 56. Kd1 Ra4 57. Rb1 Kc3 58. Rb8 Ra1+ 59. Ke2 1-0